| 000 | 00747nam a22002057a 4500 | ||
|---|---|---|---|
| 999 |
_c3937 _d3937 |
||
| 003 | AR-CdUCM | ||
| 008 | 190307b ||||| |||| 00| 0 esp d | ||
| 020 | _aISBN | ||
| 040 |
_aMUNICIPALIDAD PROVINCIAL DEL CUSCO _cBIBLIOTECA MUNICIPAL DEL CUSCO |
||
| 082 |
_a863.609 / _bL86 |
||
| 100 |
_aLópez Estrada, Francisco _9724 |
||
| 245 |
_aRomancero del Abencerraje y la hermosa jarifa / _cFrancisco Lopez Estrada |
||
| 260 |
_aMadrid : _bAnaya _c1965. |
||
| 300 |
_a81 paginas ; _c17 cm. |
||
| 500 | _aDonación familia Luis Nieto. | ||
| 505 | _aEl romancero como fuente del Abencerraje -- Romance con el argumento completo -- Versiones parciales del Abencerraje .. | ||
| 650 |
_aLiteratura española _9362 |
||
| 942 |
_2ddc _cLIBROS |
||
| 945 | _aacrt | ||